| 000 | 00901cam a22002411 4500 | ||
|---|---|---|---|
| 001 | ne 63000447 | ||
| 003 | DLC | ||
| 005 | 20260227111742.0 | ||
| 008 | 890320s1961 ua b 000 0 ara c | ||
| 010 | _ane 63000447 | ||
| 025 | _aPL480:UAR-993 | ||
| 035 | _a(OCoLC)19403063 | ||
| 040 |
_aPrinceton Univ. Libr. _cWaU _dWaU _dDLC |
||
| 042 | _apremarc | ||
| 043 | _aa-iq--- | ||
| 050 | 0 | 0 |
_aKMJ654 _b.N34 1961 |
| 100 | 1 | _aNāhī, Ṣalāḥ al-Dīn ʻAbd al-Laṭīf. | |
| 245 | 1 | 0 |
_aMuḥāḍarāt ʻan al-qānūn al-madanī al-ʻIrāqī, _bḥaqq al-milkīyah fī dhātihi, _calqāhā Ṣalāḥ al-Dīn al-Nāhī ʻalá ṭalibah Qism al-dirāsāt al-Qānūnīyah, 1960. |
| 260 |
_a[al-Qāhirah] _bJāmiʻat al-Duwal al-ʻArabīyah, Maʻhad al-Dirāsāt al-ʻArabīyah al-ʻĀliyah, _c1961. |
||
| 300 |
_a303 p. _c24 cm. |
||
| 504 | _aBibliography: p. [287]-290. | ||
| 650 | 0 |
_aProperty _zIraq. |
|
| 999 |
_c45643 _d45643 |
||